|
|
|
|
| LEADER |
00000nam0a2200000 4500 |
| 001 |
286112 |
| 005 |
20231101235848.0 |
| 020 |
|
|
|a RU
|b 85-38971
|
| 035 |
|
|
|a (RuTPU)RU\TPU\book\310403
|
| 090 |
|
|
|a 286112
|
| 100 |
|
|
|a 20150303d1985 km y0rusy5003 ca
|
| 101 |
0 |
|
|a rus
|
| 102 |
|
|
|a UA
|
| 105 |
|
|
|a a z 001zy
|
| 200 |
1 |
|
|a Геохимия и рудоносность докембрия Верховцевской синклинали
|f В. А. Стульчиков
|g Академия наук Украинской ССР (АН УССР), Институт геохимии и физики минералов
|
| 210 |
|
|
|a Киев
|c Наукова думка
|d 1985
|
| 215 |
|
|
|a 153 с.
|c ил.
|
| 320 |
|
|
|a Библиогр.: с. 152
|
| 606 |
1 |
|
|a Горные породы, осадочные
|x Геохимия
|2 stltpush
|3 (RuTPU)RU\TPU\subj\8155
|9 35634
|
| 610 |
1 |
|
|a докембрийские отложения
|
| 610 |
1 |
|
|a геологические формации вулканогенно-осадочные
|
| 610 |
1 |
|
|a рудные месторождения
|
| 610 |
1 |
|
|a геология
|
| 610 |
1 |
|
|a Украинский щит
|
| 610 |
1 |
|
|a докембрий
|
| 610 |
1 |
|
|a докембрийские геосинклинали
|
| 610 |
1 |
|
|a рудоносность
|
| 610 |
1 |
|
|a метасоматиты
|
| 610 |
1 |
|
|a метасоматические формации
|
| 610 |
1 |
|
|a металлогеническое районирование
|
| 675 |
|
|
|a 552.5:550.4
|z rus
|v 3
|
| 700 |
|
1 |
|a Стульчиков
|b В. А.
|g Владислав Александрович
|4 070
|
| 712 |
0 |
2 |
|a Академия наук Украинской ССР (АН УССР)
|b Институт геохимии и физики минералов
|2 stltpush
|3 (RuTPU)RU\TPU\col\13747
|
| 801 |
|
0 |
|a RU
|b RuMRKP
|c 19950704
|g psbo
|
| 801 |
|
1 |
|a RU
|b 63413507
|c 20150303
|
| 801 |
|
2 |
|a RU
|b 63413507
|c 20180109
|g RCR
|
| 942 |
|
|
|c BK
|